Responses for show #1735 - Friday, February 28, 1992

1992 Teen Tournament quarterfinal game 5.

Contestants

Melissa Murray, a junior from Port St. Lucie, Florida

April McManus, a senior from Woodbury, Minnesota

Jason Colby, a junior from Clifton, New Jersey

Jeopardy! Round responses

STATE CAPITALS
SEWING
STAR TREK: TNG
WEATHER
WEIGHTS & MEASURES
ANIMAL PHRASES
    $100 6
Denver

Jason
    $100 12
a thimble

Jason
    $100 1
Vulcan

April
    $100 7
a rainbow

Melissa
    $100 14
20

Jason
    $100 22
the camel

Melissa
    $200 8
Sacramento

April
    $200 27
a stitch

Melissa
    $200 2
Wesley

April
    $200 13
a thermometer

Jason
    $200 15
a kilometer

Jason
    $200 23
(April: What is a rabbit?)

a lamb

JasonApril
    $300 9
Des Moines

April
    $300 28
patterns

April
    $300 3
Patrick Stewart

April
    $300 19
humidity

Jason
    $300 16
(Jason: What is a centimeter?)

an inch

Jason
Triple Stumper
    $300 24
the canary

Melissa
    $400 10
Nashville

April
    $400 29
a zipper

April
    $400 4
the holodeck

Jason
    $400 20
cumulus

Jason
    $400 17
a cup

Jason
    $400 25
a fox

April
    $700 11
Dover, Delaware

April
    $500 30
hemlines

Melissa
    $500 5
Denise Crosby

April
    $500 21
the trade winds

Triple Stumper
    $500 18
avoirdupois

Jason
    $500 26
the lion

Melissa

Scores at the first commercial break (after clue 16):

Jason April Melissa
$800 $2,700 $100

Scores at the end of the Jeopardy! Round:

Jason April Melissa
$2,600 $3,600 $1,700

Double Jeopardy! Round responses

19TH CENTURY AMERICA
ASTROLOGY
POETS
WORLD GEOGRAPHY
LIBRARIES
LETTER PERFECT
    $200 7
the Civil War

April
    $200 1
Taurus

Jason
    $200 10
Robert Burns

April
    $200 12
(Melissa: What is Johannesburg?)

Cape Town

Melissa
Triple Stumper
    $200 29
Maryland

Jason
    $200 18
X

Melissa
    $400 8
the Philippines

April
    $400 3
Cancer

Jason
    $400 2
Robert Frost

April
    $400 13
Belgium

April
    $400 30
Capitol Hill

Jason
    $400 19
T

April
    $600 9
Philadelphia

Jason
    $600 4
Leo

Melissa
    $600 11
Sandburg

Melissa
    $600 20
(Melissa: What is Africa?)

Australia

JasonMelissa
    $600 28
(Jason: What is Rice?)

Texas A&M

Jason
Triple Stumper
    $600 25
V

April
    $600 14
the Whig Party

April
    $800 5
Aries

Melissa
    $800 16
Tennyson

Melissa
    $800 21
Egypt

Jason
    $800 24
Cambridge

Melissa
    $800 26
(Jason: What is X?)
...
(Alex: You can't ring in a second time on the same clue, Jason.)

Q

Jason
Triple Stumper
    $1000 15
the Chesapeake

Triple Stumper
    $1000 6
Pisces

April
    $1000 17
John Greenleaf Whittier

Triple Stumper
    $1,200 22
(Jason: What is Haiti?)

Hispaniola

Jason
    $1000 23
(April: What is the Babylonian Empire?)

the Assyrian

April
Triple Stumper
    $1000 27
A

Jason

Scores at the end of the Double Jeopardy! Round:

Jason April Melissa
$4,200 $6,800 $4,700

Final Jeopardy! Round responses

IN THE NEWS
JasonWhat is Lybia?
$4,100
MelissaWhat is Lebanon?
$4,700
AprilWhat is Libya?
$2,601
Libya

Final scores:

Jason April Melissa
$8,300 $9,401 $0
2nd place: $1,000 if eliminated Automatic semifinalist 3rd place: $1,000 if eliminated

Game dynamics:

Coryat scores:

Jason April Melissa
$5,400 $6,800 $4,700
19 R,
4 W
(including 1 DD)
20 R
(including 2 DDs),
2 W
12 R,
2 W

Combined Coryat: $16,900

The J! Archive is created by fans, for fans. The Jeopardy! game show and all elements thereof, including but not limited to copyright and trademark thereto, are the property of Jeopardy Productions, Inc. and are protected under law. This website is not affiliated with, sponsored by, or operated by Jeopardy Productions, Inc. Join the discussion at JBoard.tv.